Applied satellite navigation using GPS, GALLEO, and augmentation systems

Αποθηκεύτηκε σε:
Λεπτομέρειες βιβλιογραφικής εγγραφής
Κύριος συγγραφέας: Prasad, Ramjee
Άλλοι συγγραφείς: Ruggieri, M. (Marina) 1961-
Μορφή: Βιβλίο
Γλώσσα:English
Δημοσίευση: Boston : Artech House, c2005
Σειρά:Artech House mobile communications series
Θέματα:
Ετικέτες: Προσθήκη ετικέτας
Δεν υπάρχουν, Καταχωρήστε ετικέτα πρώτοι!

MARC

LEADER 00000nam a2200000 i 4500
001 1/66256
008 071205s2005 eng d
020 |a 1-58053-814-2 
035 |l 10092853 
040 |a GR-MY-UA  |b gre  |e aacr 
041 0 |a eng 
082 0 |a 623.893 PRA  |2 (22) 
100 1 |a Prasad, Ramjee. 
245 1 0 |a Applied satellite navigation using GPS, GALLEO, and augmentation systems /  |c Ramjee Prasad, Marina Ruggieri 
260 |a Boston :   |b Artech House,   |c c2005 
300 |a xiii, 290 σ.;  |b εικ.;  |c 26 εκ. 
490 1 |a Artech House mobile communications series 
504 |a Περιέχει βιβλιογραφικές παραπομπές και ευρετήριο 
650 0 0 |a Artificial satellites in navigation. 
700 1 |a Ruggieri, M.  |q (Marina)  |d 1961- 
830 0 |a Artech House mobile communications series 
852 |a INST  |b SAMOS  |e 20071205  |h 623.893 PRA  |p 005300027587  |q 005300027587  |t BK  |y 0 
901 |a BIBL3-2007-3 
909 |a Σ  |b 140579 
922 |a 3ΕΛΗ  |b 200711  |c ΕΠΕΑΕΚ2/ΤΜΠΕΣ  |d ΕΛΕΥΘΕΡΟΥΔΑΚΗΣ 
970 |a ΡΟΥΣΣΟΥ  |b ΚΩΝΣΤΑΝΤΙΝΑ  |z 2007/12/05